000 00876naa a2200205 4500
001 2162214035925178
003 UA-OsUOA
005 20240723163801.0
008 240723b un ||||| |||| 00| 0 ukr d
040 _aUA-OsUOA
_bukr
_cUA-OsUOA
_dUA-OsUOA
041 _aukr
080 _a908
090 _a908
100 _aВласовський І.
_93634
245 _aУчасть кн. К. К. Острозького в Берестей­ському православному соборі 1596 р.
_cІ. Власовський
300 _aС. 45–50
650 _2UDC
773 0 _0426362
_9429329
_aВласовський І.
_dН.-Й. 1958
_o2132813
_tКнязь К.К. Острозький - знаменитий патрон і оборонець Православія в історії українського народу
_w(UA-OsUOA) 46253
942 _2udc
_cBKA
999 _c576770
_d576770